000 01136nam a2200277 a 4500
001 000031067
003 DO-SdBNP
005 20230316104551.0
007 ta
008 110613s2006 dr a 000 0 spa d
040 _aDO-SdBNP
_bspa
_cBNPHU
082 4 _a581.980
_bC749L
_222
111 2 _aCongreso Latinoamericano de Botánica
_n(9:
_d2006 : 18-25 de junio
_cSanto Domingo, República Dominicana)
_957545
245 1 0 _aLibro de resúmenes.
260 _aSanto Domingo :
_bJardín Botánico Nacional,
_c2006.
300 _a740 p. ;
_c28 cm.
500 _aTextos a dos columnas.
500 _aA la cabeza de la portada: Contribuyendo al conocimiento global de la flora nativa latinoamericano.
590 _aInventariado,2018/DG
650 4 _aBotánica
_zAmérica Latina
_xCongresos, conferencias, etc.
_957546
650 4 _aBotánica
_zRepública Dominicana
_xCongresos, conferencias, etc.
_957547
650 4 _aFlora
_zAmérica Latina
_xCongresos, conferencias, etc.
_957548
650 4 _aEcología forestal
_zAmérica Latina
_xCongresos, conferencias, etc.
_957549
910 _aValidado. Control de calidad. EMS
942 _2ddc
_cLBS1
999 _c30559
_d30559